000
00360nam a2200157Ia 4500
003
0STCL
008
150530s9999 xx 000 0 und d
040
_a
STCL
_c
STCL
100
_a
Hubbell, J.B.; Editor
245
_a
American life in literature vol-1
260
_c
1949
546
_a
English
942
_2
ddc
_c
BK
999
_c
67622
_d
67622
005
20220125171346.0